TV Neighbors - Statistics

General Stats
  • This quiz has been taken 45 times
  • The average score is 15 of 22
Answer Stats
Neighbor TV Show % Correct
Ned Flanders The Simpsons
95%
Cosmo Kramer Seinfeld
92%
Squidward Tentacles SpongeBob SquarePants
92%
Glenn Quagmire Family Guy
89%
Barney Rubble The Flintstones
89%
Penny The Big Bang Theory
87%
Fred & Ethel Mertz I Love Lucy
82%
Ugly Naked Guy Friends
79%
Wilson Home Improvement
79%
George & Louise Jefferson All In The Family
76%
Steve Urquel Family Matters
76%
Barney Stinson How I Met Your Mother
76%
Ed Norton The Honeymooners
74%
Rhoda Morgenstern & Phyllis Lindstrom The Mary Tyler Moore Show
68%
Lenny Kosnowski & Andrew Squiggman Laverne & Shirley
66%
Marcy D'Arcy Married With Children
66%
Eddie Haskell Leave It To Beaver
63%
Kimmie Gibbler Full House
55%
Gladys Kravitz Bewitched
50%
Skippy Handleman Family Ties
45%
Jack McFarland Will & Grace
29%
Buddy Lembeck Charles In Charge
11%
No matching quizzes found
Score Distribution
Percent of People with Each Score
Percentile by Number Answered
Your Score History
You have not taken this quiz